000 00942cam a2200313 a 4500
008
020 _a0751401285 (hbk.)
049 _aMAIN
090 _aQD426 STE
245 0 0 _aSteroid analysis /
_cedited by H.L.J. Makin, D.B. Gower, D.N. Kirk.
260 _aLondon :
_bBlackie Academic & Professional,
_c1995.
300 _axviii, 718 p. :
_bill. ;
_c24 cm.
504 _aIncludes bibliographical references.
500 _aIncludes index.
650 1 2 _aSteroids
_xanalysis.
650 2 2 _aSteroids
_xchemistry.
650 2 2 _aSteroids
_xphysiology.
650 2 2 _aChemistry, Analytical
_xmethods.
650 0 _aSteroids
_xAnalysis.
653 0 _aSteroids
_aBiochemistry
700 1 _aMakin, H. L. J.
700 1 _aGower, D. B.
700 1 _aKirk, D. N.
907 _a.b10027439
_b20-02-07
_c17-04-03
003
005 20230123133145.0
040 _cNUST
942 _cBOOKS
_kQD426 STE
999 _c143733
_d143733